Statistiques concernant Trouve les paroles - En chantant - Michel Sardou

Cliquez ici pour prendre le quiz!

Statistiques générales

  • Ce quiz a été pris 54 fois
  • Le résultat moyen est 211 sur 281

Statistiques - réponses

Réponse% Correct
chantant
98%
En
98%
en
98%
Je
98%
je
98%
ce
93%
con
93%
de
93%
De
93%
Le
93%
le
93%
ma
93%
C'est
91%
c'est
91%
des
91%
garçon
91%
j'étais
91%
J'étais
91%
leçons
91%
mes
91%
petit
91%
Quand
91%
À
89%
à
89%
a
89%
La
89%
la
89%
plus
89%
Et
87%
moi
87%
moins
87%
désespérant
85%
marrant
85%
vie
85%
années
83%
chanson
83%
faire
83%
se
83%
tard
83%
bien
80%
idées
80%
noires
80%
traiter
80%
fille
78%
première
78%
du
76%
repassais
76%
l'amour
74%
L'amour
74%
Dans
72%
que
72%
Que
72%
elle
70%
fois
70%
l'ai
70%
mignon
70%
Si
70%
si
70%
beaucoup
67%
chassais
67%
fait
67%
j'ai
67%
J'ai
67%
ou
67%
parle
67%
rue
67%
temps
67%
dix
65%
mauvais
65%
content
63%
guerre
63%
suivie
63%
tellement
63%
inquiétant
61%
parler
61%
pas
61%
Enchantée
59%
On
59%
Qui
59%
s'est
59%
déshabillée
57%
femme
57%
les
57%
Mais
57%
matin
57%
ne
57%
habitué
54%
joué
54%
vieil
54%
Bouddha
48%
enfin
48%
est
48%
Tous
48%
au
46%
aussi
46%
gagne
46%
m'ait
46%
mon
46%
Qu'au
46%
Qu'en
46%
quitté
46%
sa
46%
bout
43%
enfants
43%
fleur
43%
fusil
43%
galère
43%
hommes
43%
Jupiter
43%
pêche
43%
peine
43%
victoire
43%
vont
43%
révolution
41%
soit
41%
soutiennent
41%
Jéhovah
39%
m'expliquer
39%
monde
39%
mort
35%
n'peux
35%
père
35%
bras
30%
m'attend
30%
mourir
30%
ouverts
30%
Terre
30%
côté
28%
jardin
28%
j'irai
28%
revoir
28%
sur
28%
bons
26%
faut
26%
copains
24%
m'enterrent
24%
nos
24%
opinions
24%
soient
24%
Puisqu'il
22%
Quelles
22%
J'aimerais
17%

Distribution des résultats

Percentile par nombre de réponses

% des personnes avec chaque résultat

Votre développement - résultats

Vous n’avez pas pris ce quiz